[Event "Bayerische EM 2023 - Allgemeine Gruppe"]
[Site "Rosenheim"]
[Date "2023.08.22"]
[Round "3.1"]
[White "Uebele, Peter"]
[Black "Reimann, Sebastian"]
[Result "0-1"]
[WhiteElo "2168"]
[BlackElo "2277"]
[PlyCount "80"]
[EventDate "2023.??.??"]
[WhiteTeam "SC Waldkraiburg"]
[BlackTeam "SK Kriegshaber"]

1. e4 c5 2. Nc3 Nc6 3. f4 g6 4. Nf3 Bg7 5. a3 e6 6. b4 d6 7. bxc5 dxc5 8. e5 f6
9. Ne4 fxe5 10. Bb2 Nf6 11. Nxf6+ Qxf6 12. fxe5 Qf4 13. Bb5 Qe4+ 14. Kf2 O-O
15. Re1 Qd5 16. Qe2 Nd4 17. Bxd4 Qxd4+ 18. Kf1 a6 19. Bd3 Bd7 20. c3 Qf4 21.
Be4 Qxh2 22. Bxb7 Ra7 23. Rab1 Bb5 24. c4 Rxb7 25. cxb5 axb5 26. Rxb5 Rxf3+ 27.
Qxf3 Rxb5 28. Qa8+ Bf8 29. Qc6 Qf4+ 30. Kg1 Qd4+ 31. Kf1 Qc4+ 32. Kg1 Rb2 33.
Rf1 Qd4+ 34. Kh1 Qh4+ 35. Kg1 Qe7 36. d3 Rb8 37. a4 Bh6 38. Re1 Bd2 39. Re2
Rb1+ 40. Kf2 Qf8+ 0-1

[Event "Bayerische EM 2023 - Allgemeine Gruppe"]
[Site "Rosenheim"]
[Date "2023.08.22"]
[Round "3.2"]
[White "Maurer, Jochen"]
[Black "Löw, Gerald"]
[Result "1-0"]
[WhiteElo "2184"]
[BlackElo "2146"]
[PlyCount "93"]
[EventDate "2023.??.??"]
[WhiteTeam "SG Pang-Rosenheim 1910 e.V."]
[BlackTeam "TSV Bindlach Aktionär"]

1. e4 c5 2. c3 d5 3. exd5 Qxd5 4. d4 g6 5. Nf3 Bg7 6. Nbd2 cxd4 7. Bc4 Qh5 8.
O-O Nf6 9. Qb3 O-O 10. Nxd4 Nc6 11. Nxc6 bxc6 12. Re1 Qc5 13. Nf3 Ng4 14. Re2
a5 15. h3 a4 16. Qb4 Qxb4 17. cxb4 Nf6 18. Ne5 Ba6 19. Bxa6 Rxa6 20. Bd2 Nd5
21. Rc1 Bxe5 22. Rxe5 Rd8 23. a3 Rd6 24. Rc5 f6 25. Re4 e5 26. Rec4 Nc7 27. Rc2
Nb5 28. Be3 Kf7 29. Kf1 Ke6 30. g4 f5 31. f4 e4 32. gxf5+ gxf5 33. Re5+ Kf6 34.
Rcc5 Rd1+ 35. Ke2 Rb1 36. Rxf5+ Kg6 37. Rg5+ Kf6 38. Rcf5+ Ke6 39. Re5+ Kf6 40.
Rxe4 Rxb2+ 41. Kf3 Rb3 42. Kg4 Rxa3 43. Rf5+ Kg7 44. Re7+ Kg8 45. Bc5 Rc3 46.
Re8+ Kg7 47. Bf8+ 1-0

[Event "Bayerische EM 2023 - Allgemeine Gruppe"]
[Site "Rosenheim"]
[Date "2023.08.22"]
[Round "3.3"]
[White "Böhme, Markus"]
[Black "Miller, Eduard"]
[Result "1/2-1/2"]
[WhiteElo "2144"]
[BlackElo "2324"]
[PlyCount "61"]
[EventDate "2023.??.??"]
[WhiteTeam "SC Uttenreuth e.V."]
[BlackTeam "SC Erlangen 48/88"]

1. e4 c6 2. Nc3 d5 3. Nf3 dxe4 4. Nxe4 Nf6 5. Qe2 Na6 6. d3 Bg4 7. h3 Bxf3 8.
Qxf3 Nb4 9. Qe2 Qc7 10. a3 Nbd5 11. g3 g6 12. Bg2 Bg7 13. O-O O-O 14. Rd1 e5
15. Bg5 Nd7 16. c4 N5b6 17. Be7 Rfe8 18. Bd6 Qd8 19. Bb4 a5 20. Bc3 Qe7 21. b4
f5 22. Nd2 Na4 23. Rac1 Nxc3 24. Rxc3 axb4 25. axb4 Ra2 26. Rb3 Bh6 27. Qe1
Rea8 28. c5 Rc2 29. Nc4 Raa2 30. Ra3 Bg7 31. Rb3 1/2-1/2

[Event "Bayerische EM 2023 - Allgemeine Gruppe"]
[Site "Rosenheim"]
[Date "2023.08.22"]
[Round "3.4"]
[White "Vollnhals, Michael"]
[Black "Kolb, Tobias"]
[Result "1/2-1/2"]
[WhiteElo "2006"]
[BlackElo "2302"]
[PlyCount "58"]
[EventDate "2023.??.??"]
[WhiteTeam "TSV Grossmehring"]
[BlackTeam "SC 1868 Bamberg"]

1. e4 c6 2. d4 d5 3. Nc3 dxe4 4. Nxe4 Nf6 5. Nxf6+ exf6 6. Bc4 Bd6 7. Qe2+ Be7
8. Nf3 O-O 9. O-O Bd6 10. Qd3 a5 11. a4 Na6 12. Bd2 Nb4 13. Bxb4 axb4 14. Rfe1
Ra5 15. g3 Bf5 16. Qb3 Qa8 17. Ra2 g5 18. c3 bxc3 19. bxc3 Kg7 20. Nd2 b5 21.
axb5 Rxa2 22. Qxa2 Qxa2 23. Bxa2 cxb5 24. Bb1 Bd7 25. Bd3 Rc8 26. Ne4 Be7 27.
Nxg5 fxg5 28. Rxe7 Rxc3 29. Rxd7 Rxd3 1/2-1/2

[Event "Bayerische EM 2023 - Allgemeine Gruppe"]
[Site "Rosenheim"]
[Date "2023.08.22"]
[Round "3.5"]
[White "Schlichtmann, Robin"]
[Black "Becker, Tobias"]
[Result "1/2-1/2"]
[WhiteElo "2277"]
[BlackElo "2111"]
[PlyCount "57"]
[EventDate "2023.??.??"]
[WhiteTeam "SC Garching 1980 e.V."]
[BlackTeam "Kronacher SK 1882 e.V."]

1. e4 e5 2. Nf3 Nc6 3. Bc4 Nf6 4. d3 Bc5 5. c3 a6 6. O-O d6 7. a4 Ba7 8. Re1
O-O 9. h3 h6 10. Nbd2 Re8 11. b4 Be6 12. Bxe6 Rxe6 13. Bb2 d5 14. b5 Ne7 15.
exd5 Qxd5 16. c4 Qxd3 17. Bxe5 Ne8 18. Qb3 Rd8 19. bxa6 Qxb3 20. Nxb3 bxa6 21.
Nbd4 Rg6 22. Rad1 Bc5 23. Nb3 Rxd1 24. Rxd1 Bd6 25. Bc3 Nc6 26. c5 Bf8 27. Rd7
Re6 28. Nbd4 Re7 29. Rd5 1/2-1/2

[Event "Bayerische EM 2023 - Allgemeine Gruppe"]
[Site "Rosenheim"]
[Date "2023.08.22"]
[Round "3.6"]
[White "Goldbeck, Lars"]
[Black "Willim, Michael"]
[Result "1-0"]
[WhiteElo "2260"]
[BlackElo "2119"]
[PlyCount "111"]
[EventDate "2023.??.??"]
[WhiteTeam "SGem Aschheim/Feldkirchen/Kirchh"]
[BlackTeam "SC Erlangen 48/88"]

1. d4 d5 2. c4 c6 3. Nf3 Nf6 4. e3 e6 5. Nbd2 Be7 6. b3 O-O 7. Bd3 Nbd7 8. Bb2
dxc4 9. Bxc4 c5 10. O-O b6 11. Qe2 Bb7 12. Rfd1 Rc8 13. Rac1 Rc7 14. e4 Qa8 15.
Bd3 Rfc8 16. e5 Nd5 17. Qe4 Nf8 18. Qg4 cxd4 19. Rxc7 Rxc7 20. Nxd4 Nc3 21. Rc1
Qc8 22. a3 b5 23. h4 a6 24. Qg3 b4 25. Nc4 Ne4 26. Bxe4 Bxe4 27. axb4 Bxb4 28.
Ra1 Qa8 29. Nd6 Bg6 30. Qe3 h5 31. Nc4 Nd7 32. Ne2 Bc5 33. Bd4 Qa7 34. Bxc5
Qxc5 35. Nd4 Nb8 36. Rd1 Kh7 37. Qf4 Nc6 38. Nf3 Qf8 39. Nd6 Rd7 40. Kh2 Ne7
41. Qc4 Qa8 42. Ra1 Ra7 43. Rc1 Rd7 44. Ng5+ Kg8 45. Nxe6 Bd3 46. Qxd3 fxe6 47.
Ra1 a5 48. b4 a4 49. Qc4 Nd5 50. b5 a3 51. b6 Nxb6 52. Qxe6+ Kh7 53. Nf7 Qd5
54. Ng5+ Kh8 55. Qe8+ Qg8 56. Qxh5+ 1-0

[Event "Bayerische EM 2023 - Allgemeine Gruppe"]
[Site "Rosenheim"]
[Date "2023.08.22"]
[Round "3.7"]
[White "Lohvinov, Petro"]
[Black "Stöttner, Lukas"]
[Result "1/2-1/2"]
[WhiteElo "2237"]
[BlackElo "2066"]
[PlyCount "100"]
[EventDate "2023.??.??"]
[WhiteTeam "SK München Südost e.V."]
[BlackTeam "SK Landau-Dingolfing"]

1. Nf3 Nf6 2. g3 g6 3. Bg2 Bg7 4. O-O c5 5. c4 O-O 6. Nc3 d6 7. d4 Nc6 8. d5
Na5 9. Qd3 a6 10. Nd2 Rb8 11. a3 b5 12. cxb5 axb5 13. b4 cxb4 14. axb4 Nc4 15.
Nxc4 Bf5 16. Qd2 bxc4 17. Ba3 h5 18. e4 Bd7 19. Ne2 Qb6 20. Rab1 Rfc8 21. Qc2
c3 22. Bc1 Bb5 23. Be3 Qb7 24. Rfe1 Ng4 25. Bd4 Bxe2 26. Bxg7 Kxg7 27. Rxe2 Qb6
28. h3 Ne5 29. Re3 Qd4 30. Rc1 Rxb4 31. Rxc3 Rbc4 32. Rxc4 Rxc4 33. Rd1 Qc5 34.
Qe2 Rc3 35. Kh2 h4 36. gxh4 Rc2 37. Rd2 Rc1 38. h5 g5 39. Ra2 Rb1 40. Rc2 Qd4
41. Rd2 Qb6 42. Rc2 Qd4 43. Rd2 Qb4 44. Qe3 f6 45. Ra2 Qc5 46. Qxc5 dxc5 47.
Ra7 Kh6 48. Rxe7 Kxh5 49. Rc7 c4 50. Kg3 Rb3+ 1/2-1/2

[Event "Bayerische EM 2023 - Allgemeine Gruppe"]
[Site "Rosenheim"]
[Date "2023.08.22"]
[Round "3.8"]
[White "Schmid, Roland"]
[Black "Fuchs, Florian"]
[Result "1/2-1/2"]
[WhiteElo "2212"]
[BlackElo "2096"]
[PlyCount "103"]
[EventDate "2023.??.??"]
[WhiteTeam "SG Post/Süd Regensburg"]
[BlackTeam "DJK SF Haselbach"]

1. c4 c5 2. Nf3 Nc6 3. Nc3 e5 4. g3 g6 5. Bg2 Bg7 6. O-O d6 7. Ne1 Be6 8. d3
Nge7 9. Nc2 d5 10. cxd5 Nxd5 11. Ne3 Nde7 12. Rb1 O-O 13. a3 a5 14. Bd2 b6 15.
Kh1 Rb8 16. f4 Qd7 17. Ne4 exf4 18. Rxf4 f5 19. Ng5 Bh6 20. h4 Nd4 21. b4 a4
22. Nc4 Bd5 23. Rf2 Bxg2+ 24. Rxg2 Nd5 25. e4 fxe4 26. dxe4 Bxg5 27. hxg5 Nf3
28. g4 Nf4 29. Qxf3 Nxg2 30. Qxg2 Qd3 31. Rc1 Rf3 32. Rc3 Qb1+ 33. Kh2 Rxc3 34.
Bxc3 Qd3 35. Qg3 Qe2+ 36. Kh1 Rf8 37. Ne3 Qd3 38. Bf6 cxb4 39. axb4 a3 40. Qf2
Qb1+ 41. Kh2 a2 42. Nd5 a1=Q 43. Ne7+ Kf7 44. Bxa1+ Kxe7 45. Bf6+ Kd7 46. Qd4+
Kc8 47. Qd6 Qa2+ 48. Kh3 Rf7 49. Be5 Qc4 50. Qb8+ Kd7 51. Qd6+ Kc8 52. Qb8+
1/2-1/2

[Event "Bayerische EM 2023 - Allgemeine Gruppe"]
[Site "Rosenheim"]
[Date "2023.08.22"]
[Round "3.9"]
[White "Kerkhoff, Jan"]
[Black "Bergauz, Avigdor"]
[Result "1/2-1/2"]
[WhiteElo "1940"]
[BlackElo "2197"]
[PlyCount "81"]
[EventDate "2023.??.??"]
[WhiteTeam "SC Unterhaching e.V."]
[BlackTeam "SK München Südost e.V."]

1. e4 c6 2. Nc3 d5 3. Qe2 d4 4. Nd1 e5 5. g3 Bd6 6. d3 Qc7 7. Bh3 Nd7 8. Qg4 g6
9. f4 Nc5 10. Qf3 Bxh3 11. Nxh3 O-O-O 12. O-O f6 13. fxe5 Bxe5 14. Nf4 Qd7 15.
Nf2 Ne7 16. Ng4 h5 17. Nxe5 fxe5 18. Ng2 Ne6 19. Bd2 Qd6 20. Qe2 Qc5 21. Rf6
Kd7 22. Rf7 Rde8 23. Nh4 Rhg8 24. Bh6 Rh8 25. Qd2 Nd8 26. Rxe7+ Qxe7 27. Nxg6
Qe6 28. Nxh8 Rxh8 29. Bg5 Rg8 30. Bxd8 Kxd8 31. Qf2 h4 32. Rf1 hxg3 33. hxg3
Qg4 34. Kg2 Kc7 35. Qf7+ Kb6 36. Rf3 Rh8 37. Qf5 Qg7 38. Qf6 Qh7 39. Qh4 Qg7
40. Qf6 Qh7 41. Qh4 1/2-1/2

[Event "Bayerische EM 2023 - Allgemeine Gruppe"]
[Site "Rosenheim"]
[Date "2023.08.22"]
[Round "3.10"]
[White "Heidrich, Manfred"]
[Black "Kessler, Jan"]
[Result "1/2-1/2"]
[WhiteElo "2332"]
[BlackElo "2094"]
[PlyCount "30"]
[EventDate "2023.??.??"]
[WhiteTeam "SC Forchheim e.V."]
[BlackTeam "SC Unterhaching e.V."]

1. e4 c5 2. c3 Nf6 3. e5 Nd5 4. Nf3 d6 5. d4 cxd4 6. cxd4 Nc6 7. Bd2 Bg4 8. Qb3
Bxf3 9. gxf3 Nb6 10. Bc3 e6 11. Na3 d5 12. Nc2 Be7 13. f4 g6 14. Bd3 O-O 15.
Rg1 f5 1/2-1/2

[Event "Bayerische EM 2023 - Allgemeine Gruppe"]
[Site "Rosenheim"]
[Date "2023.08.22"]
[Round "3.11"]
[White "Kaiser, Richard"]
[Black "Niedermeier, Thomas"]
[Result "0-1"]
[WhiteElo "2053"]
[BlackElo "2223"]
[PlyCount "91"]
[EventDate "2023.??.??"]
[WhiteTeam "SK Passau 1869"]
[BlackTeam "SV Ilmmünster"]

1. d4 d6 2. Nf3 Nf6 3. c4 g6 4. Nc3 Bg7 5. e4 O-O 6. Be2 c5 7. d5 e6 8. O-O
exd5 9. cxd5 Bg4 10. Nd2 Bxe2 11. Qxe2 Nbd7 12. Nc4 Nb6 13. Ne3 Qe8 14. Qc2 Qe7
15. Bd2 Rae8 16. Rae1 Nxe4 17. Ned1 f5 18. f3 Bd4+ 19. Kh1 Qh4 20. fxe4 Be5 21.
g3 Bxg3 22. Re2 Nc4 23. Rg2 f4 24. Kg1 Ne5 25. hxg3 fxg3 26. Ne3 Rf3 27. Rxf3
Nxf3+ 28. Kf1 Qh1+ 29. Ke2 Nd4+ 30. Kd3 Nxc2 31. Kxc2 b5 32. Nxb5 Rxe4 33. Rxg3
Rxe3 34. Rxe3 Qxd5 35. Nc3 Qf5+ 36. Kc1 d5 37. Re7 g5 38. Rxa7 d4 39. Nd1 h5
40. b4 cxb4 41. Ra8+ Kf7 42. Bxb4 Qf4+ 43. Kb2 Qh2+ 44. Kb1 Qe2 45. Nb2 Qf1+
46. Kc2 0-1

[Event "Bayerische EM 2023 - Allgemeine Gruppe"]
[Site "Rosenheim"]
[Date "2023.08.22"]
[Round "3.12"]
[White "Lang, Zalan Andreas"]
[Black "Sesselmann, Christoph"]
[Result "1/2-1/2"]
[WhiteElo "2221"]
[BlackElo "2020"]
[PlyCount "95"]
[EventDate "2023.??.??"]
[WhiteTeam "SAbt TSV Haunstetten"]
[BlackTeam "SK 1907 Kulmbach"]

1. d4 d5 2. c3 Nf6 3. Bf4 g6 4. e3 Bg7 5. Nf3 O-O 6. Bd3 Nh5 7. Bg5 c6 8. Nbd2
Nd7 9. h3 Re8 10. Qc2 Qb6 11. g4 Nhf6 12. Bf4 Nf8 13. Bg3 N6d7 14. Qb3 e5 15.
Qxb6 axb6 16. Nxe5 Nxe5 17. Bxe5 Bxe5 18. dxe5 Rxe5 19. c4 d4 20. Nf3 Rea5 21.
Nxd4 Rxa2 22. O-O-O Ne6 23. Nxe6 Bxe6 24. Kc2 R8a4 25. Kc3 c5 26. Rd2 Rb4 27.
Rc2 b5 28. cxb5 Rb3+ 29. Kd2 Raxb2 30. Rhc1 b6 31. Rxb2 Rxb2+ 32. Rc2 Rb4 33.
f4 Bd7 34. f5 gxf5 35. gxf5 f6 36. Bc4+ Kf8 37. e4 Bxb5 38. Bd5 Ke7 39. Ke3 Ba4
40. Rg2 Bb3 41. Bb7 Bc4 42. Kf4 h5 43. Rg7+ Kf8 44. Rc7 Rb3 45. Rc6 Ke7 46.
Rc7+ Kf8 47. Rc6 Ke7 48. Rc7+ 1/2-1/2

[Event "Bayerische EM 2023 - Allgemeine Gruppe"]
[Site "Rosenheim"]
[Date "2023.08.22"]
[Round "3.13"]
[White "Kamenskyi, Dmytro"]
[Black "Böhme, Sebastian"]
[Result "1/2-1/2"]
[WhiteElo "2030"]
[BlackElo "2215"]
[PlyCount "88"]
[EventDate "2023.??.??"]
[WhiteTeam "SK Kriegshaber"]
[BlackTeam "SC Uttenreuth e.V."]

1. e4 e6 2. d4 d5 3. exd5 exd5 4. Nf3 Nf6 5. Bd3 c5 6. O-O c4 7. Re1+ Be7 8.
Bf1 O-O 9. b3 cxb3 10. axb3 Nc6 11. Ne5 Ne4 12. Nxc6 bxc6 13. Qf3 Qb6 14. Ra4
a5 15. Bd3 f5 16. Ba3 Bxa3 17. Nxa3 Nc3 18. Nc4 Qxd4 19. Rxa5 Rxa5 20. Nxa5 Bd7
21. Re7 Ne4 22. Rxd7 Qa1+ 23. Bf1 Qxa5 24. Qe3 Qa1 25. f3 f4 26. Qa7 Qxa7+ 27.
Rxa7 Nc3 28. Bd3 Re8 29. Ra1 Kf7 30. g3 fxg3 31. hxg3 Kf6 32. Ra6 Re6 33. Bxh7
g6 34. Bg8 Rd6 35. Kg2 Kg7 36. Ra8 Ne2 37. c4 Nd4 38. cxd5 cxd5 39. b4 Nf5 40.
b5 Rb6 41. g4 Ne7 42. Ra7 Kf8 43. Ra8+ Kg7 44. Ra7 Kf8 1/2-1/2

[Event "Bayerische EM 2023 - Allgemeine Gruppe"]
[Site "Rosenheim"]
[Date "2023.08.22"]
[Round "3.14"]
[White "Schatz, Christian"]
[Black "Gold, Florian"]
[Result "1-0"]
[WhiteElo "2153"]
[BlackElo "1851"]
[PlyCount "155"]
[EventDate "2023.??.??"]
[WhiteTeam "SC Postbauer-Heng e.V"]
[BlackTeam "SK Kelheim 1920"]

1. Nf3 Nf6 2. c4 e6 3. g3 d5 4. b3 d4 5. Bg2 c5 6. b4 cxb4 7. a3 Nc6 8. O-O Bc5
9. axb4 Bxb4 10. Ba3 Bxa3 11. Nxa3 O-O 12. d3 e5 13. Qb3 Qe7 14. Rfb1 Nd7 15.
Nc2 Rd8 16. Qa3 Qxa3 17. Rxa3 a6 18. Nb4 Nxb4 19. Rxb4 Rb8 20. Ng5 b6 21. Bd5
Nc5 22. Bxf7+ Kf8 23. Bd5 h6 24. Nf3 Re8 25. Nd2 Ke7 26. Nb3 Kd6 27. Ra2 Bd7
28. Nd2 a5 29. Rb1 Bf5 30. f3 g5 31. g4 Bh7 32. Nb3 Na6 33. Rab2 Nb4 34. Nd2
Rec8 35. Be4 Bxe4 36. Nxe4+ Ke7 37. Ra1 Ra8 38. Kf2 Ke6 39. h4 gxh4 40. Rh1 Rc6
41. Rxh4 Kf7 42. Rh5 Re8 43. Rb1 Nc2 44. Rbh1 a4 45. Rc1 Nb4 46. Rb1 Nc2 47.
Rb2 Ne3 48. Ra2 Ra8 49. Rxe5 a3 50. Rb5 Ra4 51. Rb1 h5 52. gxh5 Rh6 53. Ng3 Rh8
54. Nf1 Nxf1 55. Kxf1 Ra6 56. Rb5 Rd8 57. Ke1 Kg7 58. Kd2 Kh6 59. Kc2 Re8 60.
Kb3 Ra5 61. Rxb6+ Kxh5 62. Rb5+ Rxb5+ 63. cxb5 Kg5 64. Kxa3 Kf4 65. Kb4 Re6 66.
Kc5 Re5+ 67. Kc4 Ke3 68. b6 Re6 69. Rb2 Re8 70. b7 Rb8 71. Kd5 Rd8+ 72. Kc6 Rb8
73. Kc7 Rh8 74. b8=Q Rh7+ 75. Kb6 Rh2 76. Qe5+ Kf2 77. Qxh2+ Ke1 78. Qg1# 1-0

[Event "Bayerische EM 2023 - Allgemeine Gruppe"]
[Site "Rosenheim"]
[Date "2023.08.22"]
[Round "3.15"]
[White "Biedenkopf, Philipp"]
[Black "Kocak, Ediz"]
[Result "1/2-1/2"]
[WhiteElo "1978"]
[BlackElo "2134"]
[PlyCount "46"]
[EventDate "2023.??.??"]
[WhiteTeam "SK Passau 1869"]
[BlackTeam "SGem 1882 Fürth"]

1. Nf3 Nf6 2. c4 d6 3. d4 Nbd7 4. Nc3 e5 5. e4 g6 6. Be2 Bg7 7. O-O exd4 8.
Nxd4 O-O 9. Be3 Re8 10. Qc2 Nc5 11. f3 Nh5 12. Rad1 a5 13. Ndb5 Bd7 14. Qd2 Ne6
15. f4 Bc6 16. Bf3 Nc5 17. e5 Ne6 18. exd6 cxd6 19. Nxd6 Re7 20. f5 Nf8 21.
Bxc6 bxc6 22. fxg6 hxg6 23. Nce4 f5 1/2-1/2

[Event "Bayerische EM 2023 - Allgemeine Gruppe"]
[Site "Rosenheim"]
[Date "2023.08.22"]
[Round "3.16"]
[White "Arnhold, Steffi"]
[Black "Bunk, Wolfgang"]
[Result "1/2-1/2"]
[WhiteElo "2110"]
[BlackElo "1983"]
[PlyCount "111"]
[EventDate "2023.??.??"]
[WhiteTeam "SC Bavaria Regensburg von 1881 e"]
[BlackTeam "SC Bavaria Regensburg von 1881 e"]

1. e4 d5 2. exd5 Qxd5 3. Nc3 Qa5 4. d4 Nf6 5. Nf3 Bf5 6. Bd2 e6 7. Bc4 Bb4 8.
a3 Bxc3 9. Bxc3 Qb6 10. O-O Nc6 11. a4 a5 12. Qe2 O-O 13. b3 Rad8 14. Rad1 Nb4
15. Bxb4 axb4 16. Bd3 Bg4 17. Be4 c6 18. Qe3 Nxe4 19. Qxe4 Bxf3 20. gxf3 Rd5
21. Rd3 Rfd8 22. Rfd1 Qc7 23. Qh4 Rf5 24. Kh1 Rdd5 25. Rg1 g6 26. Rg4 Kg7 27.
Qg3 Qe7 28. Qh4 Qxh4 29. Rxh4 h5 30. Kg2 Kf6 31. Re4 Rg5+ 32. Kf1 Ke7 33. h4
Rgf5 34. Ke2 g5 35. hxg5 Rxg5 36. Rh4 Kf6 37. Ke3 Rg1 38. Ke2 Kg5 39. Rh2 Kf4
40. Rh4+ Kg5 41. Rh2 Rf5 42. Re3 Kf6 43. Re4 Rd5 44. Rhh4 Rgg5 45. Rh1 Ke7 46.
Ke3 Kd6 47. Rf4 Rgf5 48. Rxf5 Rxf5 49. Rh4 Rd5 50. Rh2 c5 51. dxc5+ Rxc5 52.
Kd2 Rc3 53. Rxh5 Rxf3 54. Ke2 Rc3 55. Kd2 Rf3 56. Ke2 1/2-1/2

[Event "Bayerische EM 2023 - Allgemeine Gruppe"]
[Site "Rosenheim"]
[Date "2023.08.22"]
[Round "3.17"]
[White "Mönius, Alexander"]
[Black "Schulz, Lukas"]
[Result "1/2-1/2"]
[WhiteElo "1909"]
[BlackElo "2347"]
[PlyCount "59"]
[EventDate "2023.??.??"]
[WhiteTeam "SC Höchstadt/Aisch"]
[BlackTeam "SC Erlangen 48/88"]

1. d4 Nf6 2. c4 g6 3. Nc3 Bg7 4. e4 d6 5. Nf3 O-O 6. Be2 e5 7. Be3 Nbd7 8. O-O
c6 9. d5 Qe7 10. b4 cxd5 11. cxd5 Ne8 12. Nd2 f5 13. f3 Ndf6 14. Nb5 a6 15. Nc3
h5 16. Na4 fxe4 17. fxe4 Ng4 18. Rxf8+ Qxf8 19. Bxg4 Bxg4 20. Qf1 Qxf1+ 21.
Kxf1 Rc8 22. Nb6 Rc3 23. Ndc4 Rc2 24. Bd2 Nf6 25. Re1 Nd7 26. Bg5 Nxb6 27. Nxb6
h4 28. h3 Bh5 29. Bxh4 Bh6 30. g4 1/2-1/2

[Event "Bayerische EM 2023 - Allgemeine Gruppe"]
[Site "Rosenheim"]
[Date "2023.08.22"]
[Round "3.18"]
[White "Fuchs, Michael"]
[Black "Albert, Markus"]
[Result "0-1"]
[WhiteElo "1988"]
[BlackElo "2256"]
[PlyCount "72"]
[EventDate "2023.??.??"]
[WhiteTeam "DJK SF Haselbach"]
[BlackTeam "SC Ansbach 1855 e.V."]

1. e4 Nc6 2. Nf3 e5 3. Bb5 Nf6 4. d3 Bc5 5. c3 O-O 6. O-O d6 7. Nbd2 a6 8. Ba4
Ba7 9. Bc2 Ne7 10. d4 Ng6 11. h3 Re8 12. dxe5 dxe5 13. Nc4 Qe7 14. b3 Be6 15.
Ng5 Bxc4 16. bxc4 Rad8 17. Qe1 Nf4 18. Be3 Bc5 19. g3 Nd3 20. Qd2 Bxe3 21. Qxe3
Nc5 22. Rad1 b6 23. Kg2 Rxd1 24. Rxd1 Rd8 25. Rxd8+ Qxd8 26. f4 Qe7 27. fxe5
Nfd7 28. e6 Nxe6 29. Nf3 Qa3 30. e5 Qxa2 31. Qd2 g6 32. Kg1 Ndc5 33. h4 Qxc4
34. Kg2 a5 35. h5 a4 36. hxg6 hxg6 0-1

[Event "Bayerische EM 2023 - Allgemeine Gruppe"]
[Site "Rosenheim"]
[Date "2023.08.22"]
[Round "3.20"]
[White "Stichter, Constantin Paul"]
[Black "Brunner, Tobias"]
[Result "0-1"]
[WhiteElo "1921"]
[BlackElo "1999"]
[PlyCount "62"]
[EventDate "2023.??.??"]
[WhiteTeam "SG Traunstein/Traunreut e.V."]
[BlackTeam "SC Windischeschenbach"]

1. c4 e5 2. Nc3 Nc6 3. Nf3 f5 4. g3 Nf6 5. Bg2 g6 6. h4 Bg7 7. e3 e4 8. Ng5 Ne5
9. O-O O-O 10. b3 Nd3 11. Ba3 c5 12. Qc2 Qa5 13. Bc1 h6 14. Nh3 d5 15. f3 Nh5
16. Kh2 Qc7 17. f4 d4 18. Nd5 Qd6 19. Rb1 Be6 20. Ba3 Bxd5 21. cxd5 dxe3 22.
dxe3 Nf6 23. Kg1 Nxd5 24. Qd2 Nxe3 25. Rfc1 Bd4 26. Kh1 Nxg2 27. Kxg2 Nxc1 28.
Qxc1 e3 29. Qc4+ Kh7 30. Ng5+ hxg5 31. hxg5 Qc6+ 0-1

[Event "Bayerische EM 2023 - Allgemeine Gruppe"]
[Site "Rosenheim"]
[Date "2023.08.22"]
[Round "3.21"]
[White "Mazatis, Benjamin"]
[Black "Steinhauer, Artur"]
[Result "0-1"]
[WhiteElo "1731"]
[BlackElo "1953"]
[PlyCount "110"]
[EventDate "2023.??.??"]
[WhiteTeam "SK Bruckmühl e.V."]
[BlackTeam "SC Bavaria Regensburg von 1881 e"]

1. d4 d5 2. c4 c6 3. Nc3 Nf6 4. e3 e6 5. Nf3 Nbd7 6. Be2 Bd6 7. O-O O-O 8. b3
b6 9. Bb2 Bb7 10. Bd3 Re8 11. Re1 Qe7 12. e4 dxe4 13. Nxe4 Nxe4 14. Bxe4 Nf6
15. Bd3 Ba3 16. Bxa3 Qxa3 17. Ng5 Rad8 18. Re3 h6 19. Nf3 c5 20. dxc5 Qxc5 21.
Ne5 Qd4 22. Qe1 Ng4 23. Nxg4 Qxg4 24. Be4 Bxe4 25. Rxe4 Qf5 26. Re5 Qc2 27. Re2
Qd3 28. Re3 Qd2 29. Re2 Qxe1+ 30. Raxe1 Rd4 31. f3 Red8 32. Kf2 Kf8 33. Rc1 Ke7
34. Rcc2 Kd6 35. Red2 Kc5 36. Rxd4 Rxd4 37. a3 Rd3 38. Rb2 Kd4 39. Ke2 Kc3 40.
Rb1 Rd2+ 41. Ke3 Rd7 42. b4 Kxc4 43. a4 b5 44. axb5 Kxb5 45. Rb2 Kc4 46. b5 Rb7
47. Ke4 Rxb5 48. Rc2+ Kb3 49. Rc7 a5 50. Rxf7 a4 51. Rxg7 a3 52. Ra7 a2 53. h4
Rb4+ 54. Ke5 Ra4 55. Rb7+ Ka3 0-1

[Event "Bayerische EM 2023 - Allgemeine Gruppe"]
[Site "Rosenheim"]
[Date "2023.08.22"]
[Round "3.22"]
[White "Huber, Benedikt"]
[Black "Bratu, Mircea"]
[Result "0-1"]
[WhiteElo "1971"]
[BlackElo "1891"]
[PlyCount "84"]
[EventDate "2023.??.??"]
[WhiteTeam "SK Kelheim 1920"]
[BlackTeam "SG Schwabing München Nord e.V."]

1. e4 c5 2. b3 Nc6 3. Bb2 e5 4. f4 exf4 5. Qf3 d6 6. Qxf4 Be6 7. Nc3 Nf6 8. Nf3
Be7 9. O-O-O O-O 10. Rg1 Nh5 11. Qe3 Bf6 12. Ne2 Bxb2+ 13. Kxb2 Nf6 14. d4 d5
15. exd5 Nxd5 16. Qd2 Qf6 17. Nc3 Nxc3 18. Qxc3 cxd4 19. Qd2 Rfd8 20. Bd3 h6
21. Rdf1 a5 22. g4 a4 23. g5 Qe7 24. gxh6 g6 25. Bxg6 Kh8 26. Bxf7 axb3 27.
cxb3 Bxf7 28. Rg7 Qa3+ 29. Ka1 Qxb3 30. Rh7+ Kxh7 31. Ng5+ Kg6 32. Nxf7 Qc3+
33. Qxc3 dxc3 34. Nxd8 Rxd8 35. Rc1 Rd3 36. a3 Nd4 37. Ka2 c2 38. Kb2 Rb3+ 39.
Ka2 Rd3 40. Kb2 Rd1 41. a4 Rxc1 42. Kxc1 Kxh6 0-1

[Event "Bayerische EM 2023 - Allgemeine Gruppe"]
[Site "Rosenheim"]
[Date "2023.08.22"]
[Round "3.23"]
[White "Paar, Johannes"]
[Black "Sesselmann, Moritz"]
[Result "1/2-1/2"]
[WhiteElo "1953"]
[BlackElo "1697"]
[PlyCount "95"]
[EventDate "2023.??.??"]
[WhiteTeam "SK Schwandorf"]
[BlackTeam "SK 1907 Kulmbach"]

1. d4 d5 2. c4 e5 3. dxe5 d4 4. Bf4 Ne7 5. Nf3 Nbc6 6. a3 Ng6 7. Bg3 Bg4 8.
Nbd2 a5 9. h3 Bxf3 10. Nxf3 Bc5 11. Qc2 O-O 12. h4 Re8 13. O-O-O Ngxe5 14. Bxe5
Nxe5 15. Ng5 g6 16. e3 Nc6 17. Nf3 Qf6 18. e4 Rad8 19. Bd3 Qf4+ 20. Kb1 Ne5 21.
Nxe5 Qxe5 22. h5 g5 23. g3 f6 24. f4 Qe7 25. Rde1 h6 26. e5 Qg7 27. Bg6 Re7 28.
exf6 Qxf6 29. fxg5 Qxg5 30. Ref1 Qe3 31. Bd3 Rg7 32. Re1 Qg5 33. Rhf1 Rf8 34.
Rxf8+ Bxf8 35. Qe2 Re7 36. Qf1 Rxe1+ 37. Qxe1 Qe3 38. Qf1 Qxg3 39. Qf5 Qg7 40.
Qxa5 b6 41. Qd5+ Kh8 42. Qf5 Kg8 43. Ka2 Qe7 44. Qd5+ Qf7 45. Bg6 Qxd5 46. cxd5
Kg7 47. Kb3 Kf6 48. Kc4 1/2-1/2

[Event "Bayerische EM 2023 - Allgemeine Gruppe"]
[Site "Rosenheim"]
[Date "2023.08.22"]
[Round "3.24"]
[White "Dietlmeier, Tobias"]
[Black "Ziemann, Ulrich"]
[Result "0-1"]
[WhiteElo "1885"]
[BlackElo "1921"]
[PlyCount "74"]
[EventDate "2023.??.??"]
[WhiteTeam "TV Tegernsee"]
[BlackTeam "SC Bad Kötzting e.V."]

1. e4 e5 2. Nc3 Nc6 3. Nf3 Nf6 4. d4 exd4 5. Nd5 Be7 6. Bd3 d6 7. Bb5 O-O 8.
Nxd4 Nxd4 9. Qxd4 Nxd5 10. exd5 c6 11. Be2 Bf5 12. c3 Re8 13. O-O Bf6 14. Qd1
Be4 15. dxc6 bxc6 16. Bf3 d5 17. Be3 a5 18. Re1 Rb8 19. Bxe4 Rxe4 20. Qc2 Qd6
21. Ba7 Rbe8 22. Rxe4 Rxe4 23. Be3 Qe6 24. g3 h5 25. Qd2 h4 26. Rb1 h3 27. a3
Qf5 28. Qd3 Bg5 29. Re1 Qf3 30. Qf1 Rxe3 31. fxe3 Bxe3+ 32. Rxe3 Qxe3+ 33. Kh1
Qe6 34. Kg1 c5 35. Qf2 d4 36. cxd4 cxd4 37. Kf1 Qe4 0-1